00253 a2200109 450000100060000002000180000608200140002410000170003824500510005525000080010626000290011459469 a9780136589075 a658.3 DES aGary Dessler aHuman resource management 6th/EdcGary Dessler a6th aUSAbPrentice Hallc1994